Pamʹi︠a︡tʹ narodu neubii︠e︡nna : spohady ochevydt︠s︡iv : svidchenni︠a︡ pro holod 1932-1933 rr. na Chernihivshchyni /
Saved in:
| Other Authors: | , |
|---|---|
| Format: | Book |
| Language: | Ukrainian |
| Published: |
Chernihiv :
KP Vyd-vo "Chernihivsʹki oberehy",
2003.
|
| Series: | Holodomor na Chernihivshchyni 1932-1933
|
| Subjects: | |
| Tags: |
Add Tag
No Tags, Be the first to tag this record!
|
| LEADER | 01062nam a22002415a 4500 | ||
|---|---|---|---|
| 001 | 009354962-8 | ||
| 005 | 20090713045008.0 | ||
| 008 | 040505s2003 un |||||||ukr|d | ||
| 020 | |a 9665332198 | ||
| 035 | 0 | |a ocm58408537 | |
| 050 | 0 | 0 | |a DK508.9.C47 |b P34 2003 |
| 245 | 1 | 0 | |a Pamʹi︠a︡tʹ narodu neubii︠e︡nna : spohady ochevydt︠s︡iv : |b svidchenni︠a︡ pro holod 1932-1933 rr. na Chernihivshchyni / |c [upori︠a︡dnyky Tamara Pavlivna Demchenko, Lidii︠a︡ Oleksandrivna Lehet︠s︡ʹka]. |
| 260 | |a Chernihiv : |b KP Vyd-vo "Chernihivsʹki oberehy", |c 2003. | ||
| 300 | |a 99 p. | ||
| 490 | 0 | |a Holodomor na Chernihivshchyni 1932-1933 | |
| 650 | 0 | |a Famines |z Ukraine |z Chernihivsʹka oblastʹ |x History. | |
| 650 | 0 | |a Victims of famine |z Ukraine |z Chernihiv Region |x Biography. | |
| 650 | 0 | |a Collectivization of agriculture |z Ukraine |z Chernihivsʹka oblastʹ |x History. | |
| 651 | 0 | |a Chernihivsʹka oblastʹ (Ukraine) |x History. | |
| 700 | 1 | |a Lehet︠s︡ʹka, L. O. |q (Lidii︠a︡ Oleksandrivna) | |
| 700 | 1 | |a Demchenko, Tamara. | |
| 988 | |a 20040505 | ||
| 906 | |0 MH | ||


